000 00545nam a2200217Ia 4500
003 GCL
008 140319s9999 xx 000 0 eng d
040 _aGCL /
_cGCL
082 0 4 _aCC
_b962.16
_bS C
100 1 _aMORSI SAAD EL-DIN
245 1 0 _aCAIRO: THE SITE AND THE HISTORY /
_cMORSI SAAD EL-DIN
700 1 _aGAMAL MOKHTAR
700 1 _aMAHER, SAAD
700 1 _aGAWDAT GABRA
260 _a[S.N] :
_bSTACEY INTERNATIONAL ،
_c1988
300 _a99 P
650 0 4 _aEGYPT
650 0 4 _aHISTORY
650 0 4 _aCAIRO
942 _2ddc
_cBK
999 _c25060
_d25060